| 000 | 01172nam a2200289 4500 | ||
|---|---|---|---|
| 001 | 127345 | ||
| 003 | ES-MaACL | ||
| 005 | 20250824065258.0 | ||
| 007 | t| | ||
| 008 | 070214s1973 sp r ||||1| spa d | ||
| 020 | _a84-229-2037-9 | ||
| 100 | 1 |
_aRiaza, Luis _996690 |
|
| 245 | 1 | 0 |
_aRepresentación de Don Juan Tenorio por el carro de las meretrices ambulantes / _cLuis Riaza . _bTeatro furioso / Francisco Nieva . Judith contra Holofernes / Juan Antonio Hormigón. |
| 246 | 3 | _aTeatro furioso | |
| 246 | 3 | _aJudith contra Holofernes | |
| 260 |
_aMadrid : _bCuadernos para el Diálogo, _c1973. |
||
| 300 |
_a367 p. ; _c18 cm. |
||
| 490 | 1 |
_aLibros de teatro ; _v37 |
|
| 505 | 8 | _aTeatro furioso, de Francisco Nieva, contiene: La carroza de plomo candente; El combate de Opalos y Tasia; Es bueno no tener cabeza; El fandango asombroso | |
| 650 | 4 |
_aTeatro español- _yS.XX. _917356 |
|
| 700 | 1 |
_aNieva, Francisco. _985727 |
|
| 700 | 1 |
_aHormigón, Juan Antonio. _964204 |
|
| 710 | 2 |
_aCuadernos para el Diálogo. _93333 |
|
| 830 | 1 | 0 |
_aLibros de teatro (Cuadernos para el Diálogo) _v37 _9180757 |
| 852 |
_aES-MaACL _jC-54289 |
||
| 999 |
_c127345 _d127345 |
||